000
00231nam a22000857a 4500
008
161227b xxu||||| |||| 00| 0 eng d
100
_9
2166
_a
Rangachari.D
245
_a
Colours in my world
260
_a
New Delhi
_b
Childrens Book Trust
_c
2011
999
_c
5055
_d
5055